000 00382nam a22001337a 4500
999 _c7679
_d7679
008 190226b ||||| |||| 00| 0 eng d
020 _a9788132113898
082 _a306.09 K96p 2013 v.8
100 _aKumar, Anand
245 _aPolitical Sociology of India ;
260 _aNew Delhi ;
_bSage Publication India Pvt Ltd,
_c2014.
300 _axxxi, 413 p.
_bvol 8.
_c22 cm.
942 _2ddc